00410nam a2200157Ia 45000010006000000050017000060080041000230410008000640820015000721000045000872450060001322600009001923000035002016500008002366540008002441988220260306172725.0260306t2006||||xx |||||||||||||| ||spa|| aESP a341.3bL89 aLorenzetti, Ricardo Luis [1955-...]eAUT 0aRazonamiento judicial:bfundamentos del derecho privado c2006 axxxvi, 550 páginas :c24 cm. aGEN aCDE